| 000 | 00548nam a22001217a 4500 | ||
|---|---|---|---|
| 008 | 110614t xxu||||| |||| 00| 0 eng d | ||
| 010 | _aHCCAF39 | ||
| 245 | _aHigh Court Criminal Appeal No.7/1996 Magidu Mudasi vs Uganda | ||
| 260 | _c1996 | ||
| 500 | _aCARAM:S.T. Mayindo, DCJ: C.M.Kato .J.A. Berko.JA. | ||
| 500 | _aAn Appeal from a Conviction of the High Court of Uganda at Mbale by Justice Engwau dated 31/11/1995 in Criminal Session Case No. 90 of 1993 | ||
| 999 |
_c2832 _d2832 |
||